000 00759nam a22001937a 4500
003 OSt
005 20240919152721.0
008 240919b ||||| |||| 00| 0 eng d
040 _cAIMIT LIBRARY
100 _aNaik, Yash Arun.
_e2216235
_9179578
245 _aAnalysis of stock performance of FMCG sectors a comparision of pre and post covid 19 Era /
_cBy Yash A Naik ; Guided by Annette Sonia Maben.
260 _aHonnavar ;
_c2024.
650 _aIndustry profile company profile and theoretical background of the study
_9179579
650 _aResearch methodology
_9179580
650 _aData analysis and interpretation
_9179581
700 _aMaben, Annette Sonia.
_eGuide
_9179582
856 _3Motilal oswal financial services limited
942 _2ddc
_cPRO
999 _c231849
_d231849